000
00251nam a2200121Ia 4500
100
_a
Paeg/ H.
942
_c
BK
654
_a
power
245
_a
Power factor correction
260
_b
Wiley eastern
_a
New Delhi
_c
1991
546
_a
ENGLISH
999
_c
20355
_d
20355